000 01137nam a22002537a 4500
005 20091113101412.0
008 091113t xxu||||| |||| 00| 0 hin d
010 _aHIN-88516
020 _c100.00
_a9788190530248
035 _aHN-60862
037 _bDBAD / PUB
040 _aDPL
_bHN
082 _a954
100 _aसर्वे, आचार्य
245 _aभारत की प्राचीन विधाएँ /
_cआचार्य सर्वे
246 _aA Booket on indology
_bby Acharya Serve
260 _aजयपुर
_bसाक्षी प्रकाशन
_c2009
270 _a26, शिव वाटिका, माडल टाउन 'सी' के पास, मालवीय नगर
_bजयपुर
300 _a88पृ
_c22सेमी (सजिल्द)
650 _aभारत
_xसभ्यता
650 _aIndia
_xCivilization
942 _2ddc
_cHN
_h954
_mसर्वेआ
999 _c31772
_d31772